000 01178cam a2200241 4500
001 ABS65654
008 020702n2002 000 0 eng u
035 _a(Sirsi) u118633
100 _aButton, R.
245 _aExpert advice for experts
260 _c2002
490 _aCSM
_bChartered Surveyor Monthly
_vMay 2002, 22(1)
520 _aProvides advice for expert witnesses in the light of new publication, Code of guidance on expert evidence, published by the Lord Chancellor's Department which gives a useful summary of current best practice. It will govern the work of all the experts in the courts and reports prepared by the expert must contain a statement that it complies with its provisions. Stresses the importance to the expert witness in learning the Code in addition to Part 35 of the Rules of Court and the RICS practice statement.
590 _aABS
650 _aABOUT RICS-RICS MEMBERS
650 _aEXPERT WITNESSES
650 _aCODE OF GUIDANCE ON EXPERT WITNESSES
650 _aLORD CHANCELLORS DEPARTMENT
650 _aINSTRUCTING EXPERT
690 _aMANAGEMENT-BUSINESS MANAGEMENT-PROFESSIONAL PRACTICE
700 _aMills, R.
942 _n0
999 _c70647
_d70647